Prísnejšie pravidlá uplatňovania daňového bonusu od roku 2013

Od roku 2013 si rodičia nebudú môcť uplatniť daňový bonus na vyživované dieťa, ktoré je staršie ako 19 rokov. Podľa navrhovanej vládnej novely zákona o dani z príjmov si od r. 2013 budú môcť rodičia uplatniť daňový bonus na vyživované dieťa len vtedy, ak dosiahnu zákonom stanovenú minimálnu výšku zd...

Descrizione completa

Salvato in:
Dettagli Bibliografici
Autore principale: Rabatinová, Marcela, 1977-
Natura: Capitolo di libro
Lingua:slovacco
Soggetti:
Tags: Aggiungi Tag
Nessun Tag, puoi essere il primo ad aggiungerne!!

MARC

LEADER 00000nla a2200000 4500
001 0160406
005 20240502072800.8
041 0 |a slo 
044 |a SK 
245 1 0 |a Prísnejšie pravidlá uplatňovania daňového bonusu od roku 2013  |c Marcela Rabatinová 
520 |a Od roku 2013 si rodičia nebudú môcť uplatniť daňový bonus na vyživované dieťa, ktoré je staršie ako 19 rokov. Podľa navrhovanej vládnej novely zákona o dani z príjmov si od r. 2013 budú môcť rodičia uplatniť daňový bonus na vyživované dieťa len vtedy, ak dosiahnu zákonom stanovenú minimálnu výšku zdaniteľného príjmu vo výške 6-násobku minimálnej mzdy z tzv. aktívnych príjmov zo závislej činnosti a to iba do konca kalendárneho mesiaca, v ktorom vyživované dieťa dovŕši 19 rokov. 
610 2 0 |a dane z príjmov 
610 2 0 |a zdaňovanie 
610 2 0 |a príjmy 
610 2 0 |a novelizácia 
610 2 0 |a legislatíva 
610 2 0 |a vysokoškoláci 
610 2 0 |a deti 
100 1 |a Rabatinová, Marcela, 1977-